00584nam a22001697a 450000500170000001000150001702000260003203500140005803700130007208200080008510000190009324501230011226000360023527000910027130000330036270000190039520190531172607.0 aENG-125439 a9788178063492c495.00 aEN-108971 bDBAD/PUB a000 aParupudi,Padma aCLAT (common low admission test) & LL.B entrance examination SET, AILET, LSAT/cby Padma Parupudi [and] Sirisha Naresh aNew Delhi bUnicorn Booksc2015 aF-2/16, Ansari road, daryaganj,bNew Delhie110002k011-23275434minfo@unicornbooks.in aviii,392p.c28cms(pbk)bill. aNaresh,Sirisha